| Registos Bibliográficos associados ao registo de autoridade |
|
Etiqueta de registo: 00230nam 2200025 450 001 1719126 003 http://id.bnportugal.gov.pt/bib/catbnp/1719126 100 ## $a20090717d2007 k y0pory0103 ba 101 0# $apor$deng 102 ## $aPT 105 ## $aa m 001yy 106 ## $ar 200 1# $aUtilização de processos de higienização hospitalar na optimização de têxteis cirúrgicos$bTexto policopiado]$fCarla Manuela Fonseca Mendes$gorient. José Mendes Lucas 210 #9 $aCovilhã$c[s.n.],$d2007 215 ## $aXVI, 120, [6] f.$cil.$d30 cm 320 ## $aBibliografia, f. 114-118 328 #0 $bTese mestr.$cGestão da Produção Têxtil$eDep. de Ciências e Tecnologias Têxteis, Univ. da Beira Interior$d2007 675 ## $a677.21.01/.02(043)$vBN$zpor$90$31392016 675 ## $a616-089.4(043)$vBN$zpor$90$31392017 675 ## $a615.28(043)$vBN$zpor$90$3343130 700 #1 $aMendes,$bCarla Manuela Fonseca$31385610 702 #1 $aLucas$bJosé Mendes$4727$31385614 712 02 $aUniversidade da Beira Interior.$bFaculdade de Engenharia.$bDepartamento de Ciências e Tecnologias Têxteis$4295$31287814 801 #0 $aPT$bBN$gRPC 966 ## $lBN$mFGMON$sS.A. 127493 V.$x1
Etiqueta de registo: 00254nam 2200025 450 001 2279809 003 http://id.bnportugal.gov.pt/bib/catbnp/2279809 100 ## $a20260312d2025 k y0pory01030103ba 101 0# $apor$deng 102 ## $aPT 105 ## $aa m 000yy 106 ## $ar 200 1# $aDesenvolvimento de soluções sustentáveis para resíduos têxteis hospitalares$fCarla Manuela Fonseca Mendes$gorient. Nuno José Ramos Belino, Teresa Raquel Aurélio da Silva Nunes Barata 210 #9 $aCovilhã$c[s.n.],$d2025 215 ## $aXXX, 255 p.$cil.$d30 cm 328 #1 $aTese dout. Ciência e Engenharia de Materiais Fibrosos, Faculdade de Engenharia, Universidade
da Beira Interior, 2025 675 ## $a628.4(043)$vBN$zpor$31257592 675 ## $a614.7(043)$vBN$zpor$3303383 700 #1 $aMendes,$bCarla Manuela Fonseca$31385610 702 #1 $aBelino,$bNuno José$4727$31384989 702 #1 $aBarata,$bTeresa Raquel Aurélio da Silva Nunes$4727$31827897 801 #0 $aPT$bBN$gRPC 966 ## $lBN$mFGMON$sS.A. 193508 V.$x1 971 ## $cssilva$d20260312 973 ## $cigoulao$d20260413
|
|
|